Mikroprocessory i mikro-EVM

Guardado en:
Detalles Bibliográficos
Autor principal: Souček, Branko
Formato: Libro
Lenguaje:ruso
Publicado: Moskva Sovetskoje radio 1979
Etiquetas: Agregar Etiqueta
Sin Etiquetas, Sea el primero en etiquetar este registro!

MARC

LEADER 00000nam a2200000 4500
001 c140502
005 20231103122132.0
041 0 |a rus 
044 |a RU 
245 1 0 |a Mikroprocessory i mikro-EVM  |c Branko Souček 
264 1 |a Moskva  |b Sovetskoje radio  |c 1979 
300 |a 516 s. 
100 1 |a Souček, Branko